1850-es gondolkodás
Elmentve itt :
| Szerző: | |
|---|---|
| Adatforrás: | Meister |
| Forrásdokumentuma: | A Hét. - 11 sz., 1998, 10 p. |
| Nyelv: | magyar |
| Kulcsszavak: | kisebbségtörténet Erdély, 1848 abszolutizmus Erdély |
| LEADER | 00408nab a2200157 i 4500 | ||
|---|---|---|---|
| 001 | bibPRO00007405 | ||
| 008 | 060524s1998 xx hun | ||
| 040 | |a Sz1 | ||
| 041 | |a hun | ||
| 100 | 1 | |a VAJNOVSZKI Kázmér | |
| 245 | 1 | 0 | |a 1850-es gondolkodás |c VAJNOVSZKI Kázmér |
| 695 | |a kisebbségtörténet | ||
| 695 | |a Erdély, 1848 | ||
| 695 | |a abszolutizmus | ||
| 695 | |a Erdély | ||
| 773 | 0 | |t A Hét. - |g 11 sz., 1998, 10 p. | |